Szczegóły MARC21

Histoire de la litterature francaise : XX (190-1950) /

005 -DATA I CZAS OSTATNIEJ MODYFIKACJI [,]
    • @
    • pole kontrolne
    • 20070315155141.9
020 -Międzynarod. znormalizowany nr książki - ISBN [ , ]
    • a
    • Numer ISBN
    • 2218032686 Find
040 -Instytucja sporządzająca opis [ , ]
    • a
    • Instytucja, która sporządziła opis (NP)
    • SZCZ U
    • c
    • Instytucja, która sporządziła rekord (NP)
    • SZCZ U
041 -Język dokumentu [1, ]
    • a
    • Język tekstu (P)
    • francuski
942 -Rodzaj dokumentu [ , ]
    • c
    • Rodzaj dokumentu
    • Książka
245 -Strefa tytułu i oznaczenia odpowiedzialności [0, ]
    • a
    • Tytuł
    • Histoire de la litterature francaise : Find
    • b
    • Ciąg dalszy tytułu (NP)
    • XX (190-1950) / Find
260 -Strefa adresu wydawniczego [ , ]
    • a
    • Miejsce wydania (P)
    • paris,
    • c
    • Data wydania (P)
    • 1991.
490 -Strefa serii i książki wielotomowej - forma nie do wyszukiwania [0, ]
    • a
    • Tytuł (P)
    • (Itineraire Litteraires) Find
080 -Uniwersalna Klasyfikacja Dziesiętna [ , ]
    • a
    • Symbol klasyfikacji
    • 840(091)"190/194"
080 -Uniwersalna Klasyfikacja Dziesiętna [ , ]
    • a
    • Symbol klasyfikacji
    • 840(091)"190/194"
980 -Symbol UKD [ , ]
    • a
    • UKD
    • 840(091)"190/194"840(091)"190/194"
700 -Hasło dodatkowe - nazwa osobowa [ , ]
    • a
    • Nazwa osobowa (NP)
    • ALLUIN BERNARD Find
    • d
    • Daty biograficzne (NP)
    • wspólaut.
920 -ISBN [ , ]
    • a
    • ISBN
    • 2-218-03268-6 Find
Sygnatura Status udost. Lokalizacja Data inwentaryzacji Numer inwentarzowy
FR. Literatura francuska 191BM1997-01-01JO.1513